| 000 | 01562nam a2200385 i 4500 | ||
|---|---|---|---|
| 001 | 195548 | ||
| 003 | SpMaBN | ||
| 005 | 20251204134013.0 | ||
| 007 | ta | ||
| 008 | 240621s1988 sp o spa | ||
| 015 | _a1990-MAR-5967 | ||
| 016 | 7 |
_abimoBNE19910699116 _zSAB9000076152 _2SpMaBN |
|
| 017 |
_aMA 177-1988 _bOficina Depósito Legal Málaga |
||
| 020 | _a8477850070 | ||
| 035 | _a(OCoLC)435387657 | ||
| 035 | _abimo0000069008 | ||
| 040 |
_aSpMaBN _bspa _cSpMaBN _erdc _dES-MaACL |
||
| 080 | _a860-14"19" | ||
| 100 | 1 |
_aHinojosa, José María, _d1904-1936 _0XX1057306 _963772 _eaut |
|
| 245 | 1 | 0 |
_aSeis poemas inéditos / _cJosé María Hinojosa ; edición e introducción de Juvenal Soto. |
| 260 |
_aMálaga : _bCentro Cultural de la Generación del 27, _c1988. |
||
| 300 |
_a32 p. : _bil. ; _c22 cm |
||
| 336 |
_2rdacontent _atexto |
||
| 337 |
_2rdamedia _asin mediación |
||
| 338 |
_2rdacarrier _avolumen |
||
| 650 | 4 |
_916177 _aPoesía española- _yS.XX |
|
| 655 | 7 |
_2tgfbne _9176539 _aPoesías |
|
| 700 |
_aSoto, Juvenal, _d1954- _eedt _9237168 |
||
| 852 |
_aES-MaACL _cDEPOF _jFOLL-BUE-107 _gDedicatoria manuscrita del editor, Juvenal Soto, para Antonio Buero Vallejo en hoja de guarda: "Para Antonio Buero Vallejo con admiración y afecto [firma] abril de 1988". _hLegado: Antonio Buero Vallejo _9203754 |
||
| 903 |
_932421 _aBuero Vallejo, Antonio, _q1 _d1916-2000 _ednr |
||
| 942 |
_n0 _cFOLLETOS |
||
| 999 |
_c195548 _d195548 |
||